000 00805cam a22002411 4500
001 sd 49000346
003 DLC
005 20260227112735.0
008 910426s1944 dcuab 000 0 eng c
010 _asd 49000346
035 _a(OCoLC)23609379
040 _aU.S. Dept. of State. Library
_cCSt-H
_dDLC
042 _apremarc
050 0 0 _aUB250
_b.U33 no. 1844
082 _a943.086
110 1 _aUnited States.
_bOffice of Strategic Services.
_bResearch and Analysis Branch.
245 0 0 _aConcentration camps in Germany.
260 _a[Washington]
_c1944.
300 _avi l., 36 p.
_bfold. map, tables.
_c32 cm.
490 1 _aIts R & A,
_vno. 1844
650 0 _aConcentration camps
_zGermany.
810 1 _aUnited States.
_bDepartment of State.
_bOffice of Intelligence Research.
_tR & A ;
_vno. 1844.
999 _c90013
_d90013